William Dean Howells' The rise of Silas Lapham
Zapisane w:
| 1. autor: | |
|---|---|
| Format: | Książka |
| Język: | Undetermined |
| Wydane: |
New York
Regents
1954
|
| Hasła przedmiotowe: | |
| Etykiety: |
Dodaj etykietę
Nie ma etykietki, Dołącz pierwszą etykiete!
|
| Thư viện lưu trữ: | Trung tâm Học liệu Trường Đại học Cần Thơ |
|---|
| LEADER | 00532nam a2200193Ia 4500 | ||
|---|---|---|---|
| 001 | CTU_10267 | ||
| 008 | 210402s9999 xx 000 0 und d | ||
| 082 | |a 813 | ||
| 082 | |b H859 | ||
| 100 | |a William Dean Howells | ||
| 245 | 0 | |a William Dean Howells' | |
| 245 | 4 | |b The rise of Silas Lapham | |
| 245 | 0 | |c William Dean Howells | |
| 260 | |a New York | ||
| 260 | |b Regents | ||
| 260 | |c 1954 | ||
| 650 | |a american fiction | ||
| 904 | |i Nguyễn Quang Điền, 961007 | ||
| 980 | |a Trung tâm Học liệu Trường Đại học Cần Thơ | ||